| 000 | 00772nam a22001577a 4500 | ||
|---|---|---|---|
| 003 | OSt | ||
| 005 | 20151006173303.0 | ||
| 008 | 151006b xxu||||| |||| 00| 0 eng d | ||
| 040 | _cRUA | ||
| 082 | _aAVM KOY 1997 B070 Or.1 | ||
| 100 |
_92225 _aKOY, KUNTHEAVY. |
||
| 245 | _aAnalysis of production parameter in profit and loss of poultry production at the poultry station of rua, ការវិភាគនៃប៉ារ៉ាម៉ែត្រផលិតកម្មចំណេញ និងការខាតបង់នៃការចិញ្ចឹមមាន់ នៅកសិដ្ឋាន សាកលវិទ្យាល័យភូមិន្ធកសិកម្ម. | ||
| 260 |
_aphnom phen _bRUA _c1997 |
||
| 300 |
_a52p. _bill. _c29cm. |
||
| 942 |
_2ddc _cAVM |
||
| 999 |
_c2098 _d2098 |
||